| 000 | 01080cam a22003137a 4500 | ||
|---|---|---|---|
| 003 | CHAP | ||
| 005 | 20220329134855.0 | ||
| 008 | 971013s r 00010 d | ||
| 010 | _a27307 | ||
| 011 | _a28279 | ||
| 035 | _a32382 | ||
| 040 | _cCHAP | ||
| 090 | _aFolleto 4326 | ||
| 100 | 0 | 0 |
_aKelly, William C. _962967 |
| 245 | 0 | _aHorticultural training of graduate students from developing countries | |
| 260 |
_aIthaca, New York : _bCollege of Agriculture, _c(s.a.) |
||
| 300 | _a6 p. | ||
| 490 | 0 |
_aCornell International Agricultural Development Mineograph _v; 19 |
|
| 590 |
_aBATCH-UPD _b10 _c20130109 _lUCH01 _h2309 |
||
| 590 |
_aBATCH-UPD _b10 _c20130110 _lUCH01 _h2141 |
||
| 590 |
_aBATCH-UPD _b10 _c20130410 _lUCH01 _h1450 |
||
| 590 |
_aBATCH-UPD _b10 _c20130914 _lUCH01 _h1055 |
||
| 590 |
_aCONVERSION _b10 _c20130109 _lUCH01 _h1316 |
||
| 650 | 1 | 4 |
_aHorticultura _xEstudio y enseƱanza. _956332 |
| 830 | 0 |
_aCornell International Agricultural Development Mineograph _v; 19 _928051 |
|
| 901 | _aBK | ||
| 942 | _cFOLL | ||
| 949 |
_aFolleto 4326 _bBC _cFOLL _d-75184 _eTS1 _i32382 _si |
||
| 999 |
_c27307 _d27307 |
||